Focus sur: Rufus Scrimgeour - Harry Potter - Statistiques

Statistiques générales
  • Ce quiz a été pris 88 fois
  • Le résultat moyen est 3 sur 5
Statistiques - réponses
Informations recherchées Réponses % Correct
Profession Ministre de la Magie
99%
Première mention Harry Potter et l'Ordre du Phénix
75%
Lieu de rencontre avec Harry Potter Terrier
73%
Couleur des cheveux Fauve
55%
Acteur l'interprétant dans les films Bill Nighy
28%
Aucun quiz correspondant
Distribution des résultats
% des personnes avec chaque résultat
Percentile par nombre de réponses
Votre historique - résultats
Vous n’avez pas pris ce quiz